Normal view
MARC view
- تأليف المبرد، أبي العباس محمد بن يزيد ؛ تحقيق محمد عبد الخالق عضيمة
Entry Personal Name
001 - CONTROL NUMBER
- control field: 26835
003 - CONTROL NUMBER IDENTIFIER
- control field: JO-AjAnu
005 - DATE AND TIME OF LATEST TRANSACTION
- control field: 20230606074551.0
008 - FIXED-LENGTH DATA ELEMENTS
- fixed length control field: 230606|| aca||aabn | a|a d
040 ## - CATALOGING SOURCE
- Original cataloging agency: JO-AjAnu
- Transcribing agency: JO-AjAnu
100 ## - HEADING--PERSONAL NAME
- Personal name: تأليف المبرد، أبي العباس محمد بن يزيد ؛ تحقيق محمد عبد الخالق عضيمة
670 ## - SOURCE DATA FOUND
- Source citation: Work cat.: (JO-AjAnu)13785: تأليف المبرد، أبي العباس محمد بن يزيد ؛ تحقيق محمد عبد الخالق عضيمة, author, المقتضب